000
00186 a2200097 4500
020
_a
8483510316
041
_a
spa
100
_a
Ramos, German
245
_a
El robo de las aes
942
_c
BK
999
_c
31923
_d
31921